000 00518nam a22001937a 4500
999 _c173087
_d173087
005 20200218125219.0
010 _aENG-127861
020 _c795.00
_a9789380959115
035 _aEN-111393
037 _bDBAD/PUB
082 _a920
100 _aManoj Singh
245 _aSrinivasa Ramanujan/
_cby Manoj Singh
260 _aDelhi
_c2019
_bAkshay Books
270 _a315 Hari Nagar Ashram
_e110014
_bDelhi
300 _a200p.
_b23cm(pbk)
500 _aIncludes Bibliography and Index
942 _2ddc
_cEN
_hMAN
_k920